| 000 | 00625nam a2200241Ia 4500 | ||
|---|---|---|---|
| 003 | OSt | ||
| 005 | 20221005133109.0 | ||
| 006 | a|||||r|||| 00| 0 | ||
| 007 | ta | ||
| 008 | 221004b |||||||| |||| 00| 0 mal d | ||
| 024 | _a58521 | ||
| 037 | _cTextual | ||
| 040 |
_aCRL _cCRL _bmal |
||
| 041 |
_2mal _amal |
||
| 082 | _aU8.435.N5, J5 | ||
| 100 | _aVarma P. K. Rajaraja Au. | ||
| 245 | 0 | _aVijayakaramaya pinmattam | |
| 260 | _c1955 | ||
| 650 |
_a MALAYALAM LITERATURE _938866 |
||
| 650 | _aGEOGRAPHY | ||
| 942 |
_hU8.435.N5, J5 _cTEXL _2cc |
||
| 999 |
_c1065723 _d1065723 |
||